| 000 | 00805nam a22002777a 4500 | ||
|---|---|---|---|
| 005 | 20211104122353.0 | ||
| 008 | 211104b ||||| |||| 00| 0 eng d | ||
| 020 | _a9788170071410 | ||
| 040 | _cAL | ||
| 041 | _aeng | ||
| 082 |
_223 _a338.954 _bCHAR |
||
| 100 |
_aBipan Chandra _99693 |
||
| 245 | _aRise and Growth of Economic Nationalism in India | ||
| 260 |
_aNew Delhi _bPeople's Publishing House _c1991 |
||
| 300 |
_axvii,783 p. _bPB _c21x14 cm. |
||
| 365 |
_b140.00 _c₹ _d140.00 |
||
| 650 |
_aEconomic Development _99694 |
||
| 650 |
_aEconomic Policy _99695 |
||
| 650 |
_aAgriculture _99696 |
||
| 650 |
_aEconomic History _99697 |
||
| 650 |
_aIndustry _99698 |
||
| 650 |
_aPolitical Economy _99699 |
||
| 650 |
_aPublic Finance _99700 |
||
| 700 |
_aCHANDRA (Bipan) _99701 |
||
| 942 |
_2ddc _cGF |
||
| 999 |
_c220380 _d220380 |
||